000 01397cam a22003734i 4500
003 PE-LiUPU
005 20250731183415.0
008 150623s r 000 0 d
020 _a0849981697
035 _a(Sirsi) i9780849981692
040 _aPE-LiUPU
_bspa
_cPE-LiUPU
_erda
049 _aPRUA
082 0 4 _a794.019
_bB39
_221
100 1 _aBerry, Joy Wilt,
_eautor.
245 1 0 _aSo what's wrong with playing video games? /
_cJoy Wilt Berry.
264 1 _aWaco, Texas :
_bWord Educational Products Division,
_c1982.
300 _a48 páginas :
_bilustraciones, gráficos ;
_c21 centímetros
336 _atext
_2rdacontent
337 _aunmediated
_2rdamedia
338 _avolume
_2rdacarrier
505 0 _aSo what's wrong with playing video games?. Historietas.
526 _aP158
526 _aP146
526 _aP17
526 _aP12
526 _aP06
650 0 4 _aVideo juegos
_xAspectos psicológicos
_vLiteratura juvenil.
942 _2ddc
_cBOOK
949 _a794.019 B39
_wDEWEY
_c1
_i51092
_lCCODEBUL1
_mBUL
_p2.00
_r0
_sY
_tBOOK
_u2015-6-24
_xTEOLOGIA
_PP35
_0COMPRA
_o.STAFF. Colección General
994 _aC0
_bPEPRU
596 _a1
999 _a794.019 B39
_wDEWEY
_c32786
_i51092
_f2021-11-30
_g5
_lCCODEBUL1
_mBUL
_p2.00
_r0
_sY
_tBOOK
_u2015-6-24
_xEDUCACION
_PP35
_0COMPRA
_o.STAFF. Colección General
_d32786
980 _81
_gALBERTO SANCHEZ Responsable de Automatización